Largest Suburb by City - Statistics

General Stats
  • This quiz has been taken 57 times
  • The average score is 8 of 15
Answer Stats
Main City Population Suburb % Correct
Dallas 854,113 Fort Worth
83%
New York 261,764 Newark
81%
Columbus 49,134 Newark
81%
Los Angeles 470,130 Long Beach
79%
Phoenix 484,587 Mesa
77%
Chicago 201,110 Aurora
71%
San Francisco 412,040 Oakland
69%
San Diego 267,172 Chula Vista
54%
Houston 142,059 Pasadena
48%
Austin 122,767 Round Rock
31%
Indianapolis 91,065 Carmel
25%
San Antonio 66,394 New Braunfels
21%
San Jose 125,948 Santa Clara
13%
Jacksonville 23,387 Jacksonville Beach
10%
Philadelphia 87,575 Reading
10%
No matching quizzes found
Score Distribution
Percent of People with Each Score
Percentile by Number Answered
Your Score History
You have not taken this quiz